|
|
|
|
| LEADER |
00839nam a22002291 4500 |
| 001 |
c000208829 |
| 003 |
CARM |
| 005 |
20021125002100.0 |
| 008 |
851211s1963 stk 0 eng d |
| 019 |
1 |
|
|a 6521389
|z 4185360
|5 LACONCORD2021
|
| 035 |
|
|
|a (OCoLC)28767509
|5 LACONCORD2021
|
| 100 |
1 |
|
|a Whyte, John Henry.
|
| 245 |
1 |
4 |
|a The Tenant League and Irish politics in the eighteen-fifties.
|
| 260 |
|
|
|a Dundalk :
|b Dundalgan Press,
|c 1963.
|
| 300 |
|
|
|a 26 p.
|
| 440 |
|
0 |
|a Irish history series ;
|v no.4
|
| 610 |
2 |
0 |
|a Tenant League (Ireland)
|
| 651 |
|
0 |
|a Ireland
|x History
|y 1837-1901.
|
| 852 |
8 |
|
|b CARM
|h A2:AL11A0
|i A03199
|p 0291538
|f BK
|
| 082 |
0 |
4 |
|a 941.58
|
| 999 |
f |
f |
|i 7fd28ea7-0d5a-5633-8c97-128d9a4ab115
|s 2eabbd41-b4a1-5427-8059-b07b3f6a1e69
|
| 952 |
f |
f |
|p Can circulate
|a CAVAL
|b CAVAL
|c CAVAL
|d CARM 1 Store
|e A03199
|f A2:AL11A0
|h Other scheme
|i book
|m 0291538
|